000 00371nam a22001217a 4500
082 _a200 THE
100 _aGulraiz Javaid Joyia
_970455
245 _aTH-SOF-1485-Optimizing Work Flow for Eye Care Hospitals
260 _aIslamabad
_bNUST College of EME
_c2017
650 _aMS-CSE-15 MSTHESIS
_969366
700 _aSupervisor Dr. Muhammad Usman Akram
_969721
942 _cCF
999 _c577433
_d577433